Tokio Hotel All Songs - PART 1 (Nostalgia) - Statistics

General Stats
  • This quiz has been taken 215 times
  • The average score is 43 of 87
Answer Stats
Schrei + Schrei - so laut du kannst % Correct
Schrei
92%
Scream
92%
Durch den Monsun
84%
Monsoon
83%
Ready, Set, Go!
82%
Ready, Set, Go!
82%
Pain of Love
78%
Reden
76%
Humanoid (English Version)
75%
Humanoid (German Version)
75%
Don't Jump
71%
Der letzte Tag
70%
Der letzte Tag
70%
Automatic
68%
Darkside of the Sun
66%
Dogs Unleashed
62%
Rette mich
62%
Übers Ende der Welt
62%
Übers Ende der Welt
62%
Alien (English Version)
59%
Alien (German Version)
59%
Spring nicht
59%
Break Away
55%
Ich bin nich' ich
55%
Wo sind eure Hände
55%
Automatisch
54%
Leb' die Sekunde
54%
Beichte
53%
Human Connect to Human
53%
Noise
53%
Rescue Me
52%
Kampf der Liebe
51%
Screamin'
51%
Screamin'
51%
World Behind My Wall
51%
Forever Now
50%
Hey You
50%
Hunde
50%
Love Is Dead
50%
Love and Death
49%
Schwarz
49%
Totgeliebt
49%
Zoom
49%
Final Day
48%
Forgotten Children
47%
Phantomrider
46%
Unendlichkeit
46%
Gegen Meinen Willen
45%
Heilig
45%
Ich brech aus
45%
On the Edge
45%
Sonnensystem
45%
Freunde bleiben
44%
Jung und nicht mehr jugendfrei
44%
Komm
43%
Sacred
43%
Black
42%
Thema nr. 1 - demo 2003
42%
Zoom Into Me
42%
Vergessene Kinder
40%
An deiner Seite (Ich bin da)
39%
Attention
39%
Attention
39%
Für immer jetzt
39%
Geisterfahrer
39%
In Your Shadow (I Can Shine)
39%
In Your Shadow (I Can Shine)
39%
Lass uns hier raus
39%
Wenn nichts mehr geht
39%
Stich ins Glück
38%
By your Side
37%
Lass uns laufen
36%
Hey Du
35%
That Day
35%
That Day
35%
Down On You
34%
Down On You
34%
Wir sterben niemals aus
32%
Menschen suchen Menschen
31%
Träumer
29%
Wir schliessen uns ein
28%
Live Every Second
27%
Nach dir kommt nichts
27%
Frei im freien Fall
24%
In die Nacht
24%
In die Nacht
24%
Hilf mir fliegen
22%
No matching quizzes found
Score Distribution
Percent of People with Each Score
Percentile by Number Answered
Your Score History
You have not taken this quiz